[Event "2nd Easter 4NCL Congress"]
[Site "Daventry"]
[Date "2022.04.16"]
[Round "2"]
[Board "25"]
[White "Li, Ethan Bingxuan"]
[Black "Phan, Stefanus"]
[Result "0-1"]
[WhiteElo "1851"]
[BlackElo "2038"]
[PlyCount "0"]
[EventDate "2022.04.15"]
[EventRounds "7"]
[EventCountry "ENG"]

1. e4 {[%clk 01:30:56]} {[%emt 00:00:04]} c6 {[%clk 01:30:54]} {[%emt
00:00:07]} 2. d4 {[%clk 01:31:20]} {[%emt 00:00:05]} d5 {[%clk 01:31:19]}
{[%emt 00:00:06]} 3. exd5 {[%clk 01:31:43]} {[%emt 00:00:06]} cxd5 {[%clk
01:31:41]} {[%emt 00:00:09]} 4. Bd3 {[%clk 01:32:06]} {[%emt 00:00:06]} Nc6
{[%clk 01:32:03]} {[%emt 00:00:09]} 5. c3 {[%clk 01:32:26]} {[%emt 00:00:09]}
Qc7 {[%clk 01:32:27]} {[%emt 00:00:07]} 6. Be3 {[%clk 01:31:36]} {[%emt
00:01:20]} Nf6 {[%clk 01:32:03]} {[%emt 00:00:54]} 7. Nd2 {[%clk 01:31:38]}
{[%emt 00:00:28]} Bg4 {[%clk 01:31:07]} {[%emt 00:01:26]} 8. f3 {[%clk
01:31:18]} {[%emt 00:00:50]} Bh5 {[%clk 01:31:00]} {[%emt 00:00:37]} 9. Ne2
{[%clk 01:31:29]} {[%emt 00:00:18]} e6 {[%clk 01:31:16]} {[%emt 00:00:14]} 10.
Bf4 {[%clk 01:31:20]} {[%emt 00:00:39]} Bd6 {[%clk 01:31:35]} {[%emt 00:00:11]}
11. Bg3 {[%clk 01:30:42]} {[%emt 00:01:08]} Bg6 {[%clk 01:29:18]} {[%emt
00:02:47]} 12. Nb3 {[%clk 01:30:44]} {[%emt 00:00:29]} Bxd3 {[%clk 01:20:11]}
{[%emt 00:09:37]} 13. Bxd6 {[%clk 01:26:39]} {[%emt 00:04:35]} Qxd6 {[%clk
01:18:46]} {[%emt 00:01:54]} 14. Qxd3 {[%clk 01:26:58]} {[%emt 00:00:11]} O-O
{[%clk 01:16:00]} {[%emt 00:03:17]} 15. O-O {[%clk 01:27:04]} {[%emt 00:00:23]}
Ne7 {[%clk 01:07:21]} {[%emt 00:09:10]} 16. Qd2 {[%clk 01:23:24]} {[%emt
00:04:10]} Rfc8 {[%clk 01:04:32]} {[%emt 00:03:18]} 17. Nc5 {[%clk 01:22:05]}
{[%emt 00:01:50]} b6 {[%clk 01:02:22]} {[%emt 00:02:39]} 18. Nd3 {[%clk
01:22:15]} {[%emt 00:00:20]} Rab8 {[%clk 01:02:08]} {[%emt 00:00:44]} 19. a4
{[%clk 01:21:18]} {[%emt 00:01:27]} a5 {[%clk 00:53:22]} {[%emt 00:09:17]} 20.
Rfb1 {[%clk 01:16:47]} {[%emt 00:05:00]} b5 {[%clk 00:46:11]} {[%emt 00:07:41]}
21. axb5 {[%clk 01:14:52]} {[%emt 00:02:26]} Rxb5 {[%clk 00:46:29]} {[%emt
00:00:12]} 22. Ne5 {[%clk 01:12:39]} {[%emt 00:02:43]} Nd7 {[%clk 00:44:27]}
{[%emt 00:02:32]} 23. Nxd7 {[%clk 01:12:24]} {[%emt 00:00:43]} Qxd7 {[%clk
00:44:42]} {[%emt 00:00:16]} 24. Nc1 {[%clk 01:12:43]} {[%emt 00:00:11]} Nf5
{[%clk 00:42:52]} {[%emt 00:02:19]} 25. Nd3 {[%clk 01:11:00]} {[%emt 00:02:14]}
Nd6 {[%clk 00:41:19]} {[%emt 00:02:02]} 26. b3 {[%clk 01:10:37]} {[%emt
00:00:54]} Qc6 {[%clk 00:39:50]} {[%emt 00:02:00]} 27. Nc5 {[%clk 01:10:29]}
{[%emt 00:00:38]} Rcb8 {[%clk 00:39:54]} {[%emt 00:00:26]} 28. Ra4 {[%clk
01:08:00]} {[%emt 00:02:59]} Rxb3 {[%clk 00:29:32]} {[%emt 00:10:51]} 29. Rxb3
{[%clk 01:08:18]} {[%emt 00:00:13]} Rxb3 {[%clk 00:29:53]} {[%emt 00:00:09]} 30.
Rxa5 {[%clk 01:08:32]} {[%emt 00:00:15]} Rb1+ {[%clk 00:30:01]} {[%emt
00:00:23]} 31. Kf2 {[%clk 01:08:55]} {[%emt 00:00:06]} Nc4 {[%clk 00:30:06]}
{[%emt 00:00:25]} 32. Qa2 {[%clk 01:04:44]} {[%emt 00:04:41]} Rb2+ {[%clk
00:30:19]} {[%emt 00:00:18]} 33. Qxb2 {[%clk 01:05:04]} {[%emt 00:00:10]} Nxb2
{[%clk 00:30:42]} {[%emt 00:00:07]} 34. Ra6 {[%clk 01:04:57]} {[%emt 00:00:37]}
Qc8 {[%clk 00:28:57]} {[%emt 00:02:14]} 35. Rb6 {[%clk 01:04:48]} {[%emt
00:00:40]} Nc4 {[%clk 00:29:09]} {[%emt 00:00:17]} 36. Rb4 {[%clk 01:04:17]}
{[%emt 00:01:01]} h6 {[%clk 00:29:08]} {[%emt 00:00:31]} 37. Rb7 {[%clk
01:03:52]} {[%emt 00:00:55]} Qd8 {[%clk 00:26:51]} {[%emt 00:02:45]} 38. Nd7
{[%clk 01:04:01]} {[%emt 00:00:23]} Kh7 {[%clk 00:27:05]} {[%emt 00:00:17]} 39.
g3 {[%clk 01:03:55]} {[%emt 00:00:36]} h5 {[%clk 00:26:30]} {[%emt 00:01:04]}
40. Nc5 {[%clk 01:03:49]} {[%emt 00:00:37]} Qf6 {[%clk 00:21:14]} {[%emt
00:05:45]} 41. Nd7 {[%clk 01:03:05]} {[%emt 00:01:15]} Qf5 {[%clk 00:21:36]}
{[%emt 00:00:08]} 42. Nf8+ {[%clk 01:03:19]} {[%emt 00:00:15]} Kh6 {[%clk
00:21:38]} {[%emt 00:00:27]} 43. h4 {[%clk 01:03:02]} {[%emt 00:00:49]} Qc2+
{[%clk 00:21:46]} {[%emt 00:00:22]}  0-1

[Event "2nd Easter 4NCL Congress"]
[Site "Daventry"]
[Date "2022.04.16"]
[Round "2"]
[Board "26"]
[White "Gomez, Daniel"]
[Black "Johnson, Paul A"]
[Result "1/2-1/2"]
[WhiteElo "2025"]
[BlackElo "1868"]
[PlyCount "0"]
[EventDate "2022.04.15"]
[EventRounds "7"]
[EventCountry "ENG"]

1. e4 {[%clk 01:30:58]} {[%emt 00:00:01]} e5 {[%clk 01:30:46]} {[%emt
00:00:13]} 2. Nf3 {[%clk 01:31:25]} {[%emt 00:00:04]} Nc6 {[%clk 01:31:04]}
{[%emt 00:00:13]} 3. Bb5 {[%clk 01:31:51]} {[%emt 00:00:04]} a6 {[%clk
01:31:19]} {[%emt 00:00:15]} 4. Ba4 {[%clk 01:32:17]} {[%emt 00:00:04]} Nf6
{[%clk 01:31:30]} {[%emt 00:00:18]} 5. O-O {[%clk 01:32:32]} {[%emt 00:00:16]}
Be7 {[%clk 01:31:37]} {[%emt 00:00:23]} 6. Re1 {[%clk 01:32:11]} {[%emt
00:00:51]} b5 {[%clk 01:31:51]} {[%emt 00:00:15]} 7. Bb3 {[%clk 01:32:39]}
{[%emt 00:00:02]} d6 {[%clk 01:32:00]} {[%emt 00:00:22]} 8. c3 {[%clk
01:33:02]} {[%emt 00:00:08]} Na5 {[%clk 01:32:04]} {[%emt 00:00:25]} 9. Bc2
{[%clk 01:32:48]} {[%emt 00:00:44]} c5 {[%clk 01:32:13]} {[%emt 00:00:20]} 10.
d4 {[%clk 01:31:24]} {[%emt 00:01:55]} Qc7 {[%clk 01:32:26]} {[%emt 00:00:17]}
11. Nbd2 {[%clk 01:25:42]} {[%emt 00:06:12]} O-O {[%clk 01:32:26]} {[%emt
00:00:29]} 12. h3 {[%clk 01:26:10]} {[%emt 00:00:03]} Re8 {[%clk 01:31:45]}
{[%emt 00:01:10]} 13. Nf1 {[%clk 01:21:26]} {[%emt 00:05:15]} Bd7 {[%clk
01:27:27]} {[%emt 00:04:48]} 14. b3 {[%clk 01:17:55]} {[%emt 00:04:00]} Nb7
{[%clk 01:24:52]} {[%emt 00:03:06]} 15. Bb2 {[%clk 01:16:35]} {[%emt 00:01:51]}
Bf8 {[%clk 01:24:06]} {[%emt 00:01:14]} 16. Ng3 {[%clk 01:03:39]} {[%emt
00:13:26]} g6 {[%clk 01:24:13]} {[%emt 00:00:23]} 17. d5 {[%clk 00:46:16]}
{[%emt 00:17:54]} Bg7 {[%clk 01:22:19]} {[%emt 00:02:23]} 18. c4 {[%clk
00:46:03]} {[%emt 00:00:43]} Kh8 {[%clk 01:18:16]} {[%emt 00:04:33]} 19. Bd3
{[%clk 00:46:06]} {[%emt 00:00:28]} b4 {[%clk 01:14:46]} {[%emt 00:03:59]} 20.
Bc1 {[%clk 00:46:17]} {[%emt 00:00:20]} h6 {[%clk 01:13:17]} {[%emt 00:01:58]}
21. Qc2 {[%clk 00:45:11]} {[%emt 00:01:36]} Ng8 {[%clk 01:12:02]} {[%emt
00:01:44]} 22. Bb2 {[%clk 00:40:37]} {[%emt 00:05:05]} f6 {[%clk 01:10:54]}
{[%emt 00:01:38]} 23. Re2 {[%clk 00:38:02]} {[%emt 00:03:06]} Ne7 {[%clk
01:09:06]} {[%emt 00:02:17]} 24. Rf1 {[%clk 00:37:17]} {[%emt 00:01:16]} Rf8
{[%clk 01:08:53]} {[%emt 00:00:42]} 25. Nd2 {[%clk 00:33:24]} {[%emt 00:04:24]}
g5 {[%clk 01:05:06]} {[%emt 00:04:17]} 26. Rd1 {[%clk 00:29:59]} {[%emt
00:03:55]} Ng6 {[%clk 01:03:57]} {[%emt 00:01:38]} 27. Ree1 {[%clk 00:29:34]}
{[%emt 00:00:56]} Nd8 {[%clk 01:01:39]} {[%emt 00:02:47]} 28. Ndf1 {[%clk
00:29:55]} {[%emt 00:00:09]} Nh4 {[%clk 00:58:31]} {[%emt 00:03:38]} 29. Qe2
{[%clk 00:27:57]} {[%emt 00:02:28]} Nf7 {[%clk 00:56:54]} {[%emt 00:02:07]} 30.
Kh2 {[%clk 00:27:47]} {[%emt 00:00:40]} Kh7 {[%clk 00:56:44]} {[%emt 00:00:40]}
31. Ne3 {[%clk 00:28:02]} {[%emt 00:00:15]} Nh8 {[%clk 00:56:17]} {[%emt
00:00:57]} 32. Ngf5 {[%clk 00:27:23]} {[%emt 00:01:10]} N8g6 {[%clk 00:54:05]}
{[%emt 00:02:42]} 33. g3 {[%clk 00:25:18]} {[%emt 00:02:35]} Nxf5 {[%clk
00:54:15]} {[%emt 00:00:20]} 34. exf5 {[%clk 00:25:24]} {[%emt 00:00:24]} Ne7
{[%clk 00:54:06]} {[%emt 00:00:38]} 35. Be4 {[%clk 00:25:50]} {[%emt 00:00:04]}
Be8 {[%clk 00:51:14]} {[%emt 00:03:22]} 36. Kg2 {[%clk 00:25:36]} {[%emt
00:00:44]} Rh8 {[%clk 00:48:02]} {[%emt 00:03:41]} 37. Ra1 {[%clk 00:25:36]}
{[%emt 00:00:32]} Bf7 {[%clk 00:47:28]} {[%emt 00:01:03]} 38. a4 {[%clk
00:25:11]} {[%emt 00:00:55]} a5 {[%clk 00:47:13]} {[%emt 00:00:45]} 39. Rh1
{[%clk 00:25:37]} {[%emt 00:00:04]} Kg8 {[%clk 00:47:21]} {[%emt 00:00:22]} 40.
Rag1 {[%clk 00:25:46]} {[%emt 00:00:22]} Kf8 {[%clk 00:45:16]} {[%emt
00:02:34]} 41. Kf1 {[%clk 00:26:12]} {[%emt 00:00:05]} Ke8 {[%clk 00:44:40]}
{[%emt 00:01:06]} 42. Ke1 {[%clk 00:26:38]} {[%emt 00:00:03]} Kd7 {[%clk
00:44:21]} {[%emt 00:00:49]} 43. Kd1 {[%clk 00:27:06]} {[%emt 00:00:02]} h5
{[%clk 00:42:56]} {[%emt 00:01:55]} 44. h4 {[%clk 00:27:28]} {[%emt 00:00:08]}
g4 {[%clk 00:34:41]} {[%emt 00:08:44]} 45. f3 {[%clk 00:27:48]} {[%emt
00:00:11]} gxf3 {[%clk 00:34:44]} {[%emt 00:00:27]} 46. Qxf3 {[%clk 00:28:06]}
{[%emt 00:00:12]} Rag8 {[%clk 00:32:47]} {[%emt 00:02:28]} 47. Kc2 {[%clk
00:28:03]} {[%emt 00:00:33]} Bh6 {[%clk 00:29:47]} {[%emt 00:03:29]} 48. Nd1
{[%clk 00:26:54]} {[%emt 00:01:39]} Qd8 {[%clk 00:27:54]} {[%emt 00:02:22]} 49.
Bc1 {[%clk 00:27:16]} {[%emt 00:00:09]} Bxc1 {[%clk 00:27:29]} {[%emt
00:00:55]} 50. Kxc1 {[%clk 00:27:44]} {[%emt 00:00:02]} Qf8 {[%clk 00:27:20]}
{[%emt 00:00:39]} 51. Kb2 {[%clk 00:28:01]} {[%emt 00:00:13]} Qh6 {[%clk
00:27:12]} {[%emt 00:00:37]} 52. Ne3 {[%clk 00:28:29]} {[%emt 00:00:03]} Rg7
{[%clk 00:26:32]} {[%emt 00:01:10]} 53. Rg2 {[%clk 00:28:42]} {[%emt 00:00:17]}
Qh7 {[%clk 00:25:08]} {[%emt 00:01:54]} 54. Rhg1 {[%clk 00:27:31]} {[%emt
00:01:41]} Rf8 {[%clk 00:24:07]} {[%emt 00:01:30]} 55. Qf2 {[%clk 00:27:33]}
{[%emt 00:00:29]} Ng8 {[%clk 00:21:23]} {[%emt 00:03:14]} 56. g4 {[%clk
00:25:56]} {[%emt 00:02:07]} hxg4 {[%clk 00:18:40]} {[%emt 00:03:12]} 57. Nxg4
{[%clk 00:25:33]} {[%emt 00:00:53]} Kc7 {[%clk 00:18:55]} {[%emt 00:00:17]} 58.
Qg3 {[%clk 00:17:51]} {[%emt 00:08:11]} Qh8 {[%clk 00:16:03]} {[%emt 00:03:21]}
59. Qf2 {[%clk 00:17:13]} {[%emt 00:01:09]} Bh5 {[%clk 00:15:01]} {[%emt
00:01:31]} 60. Ne3 {[%clk 00:16:37]} {[%emt 00:01:07]} Rff7 {[%clk 00:14:28]}
{[%emt 00:01:02]} 61. Rg3 {[%clk 00:16:42]} {[%emt 00:00:25]} Rxg3 {[%clk
00:12:50]} {[%emt 00:02:08]} 62. Qxg3 {[%clk 00:17:10]} {[%emt 00:00:02]} Nh6
{[%clk 00:12:13]} {[%emt 00:01:07]} 63. Kc2 {[%clk 00:15:57]} {[%emt 00:01:44]}
Rf8 {[%clk 00:11:09]} {[%emt 00:01:34]} 64. Qg7+ {[%clk 00:15:02]} {[%emt
00:01:24]} Qxg7 {[%clk 00:11:33]} {[%emt 00:00:07]} 65. Rxg7+ {[%clk 00:15:30]}
{[%emt 00:00:01]} Rf7 {[%clk 00:11:56]} {[%emt 00:00:06]} 66. Rg3 {[%clk
00:15:20]} {[%emt 00:00:40]} Kd7 {[%clk 00:12:03]} {[%emt 00:00:24]} 67. Kd3
{[%clk 00:15:49]} Ke7 {[%clk 00:12:08]} {[%emt 00:00:25]}  1/2-1/2

[Event "2nd Easter 4NCL Congress"]
[Site "Daventry"]
[Date "2022.04.16"]
[Round "3"]
[Board "1"]
[White "Hebden, Mark L"]
[Black "Turner, Max N"]
[Result "1/2-1/2"]
[WhiteElo "2532"]
[BlackElo "2366"]
[PlyCount "0"]
[EventDate "2022.04.15"]
[EventRounds "7"]
[EventCountry "ENG"]

1. d4 {[%clk 01:30:56]} {[%emt 00:00:03]} d5 {[%clk 01:27:48]} {[%emt
00:03:14]} 2. Nf3 {[%clk 01:31:03]} {[%emt 00:00:22]} Nf6 {[%clk 01:27:56]}
{[%emt 00:00:22]} 3. c4 {[%clk 01:30:33]} {[%emt 00:01:00]} e6 {[%clk
01:28:03]} {[%emt 00:00:23]} 4. Bg5 {[%clk 01:28:40]} {[%emt 00:02:23]} c6
{[%clk 01:27:36]} {[%emt 00:00:57]} 5. Nbd2 {[%clk 01:28:39]} {[%emt 00:00:31]}
Be7 {[%clk 01:26:57]} {[%emt 00:01:08]} 6. Rc1 {[%clk 01:27:35]} {[%emt
00:01:35]} O-O {[%clk 01:26:44]} {[%emt 00:00:43]} 7. e3 {[%clk 01:27:51]}
{[%emt 00:00:14]} Nbd7 {[%clk 01:26:00]} {[%emt 00:01:15]} 8. Bd3 {[%clk
01:27:19]} {[%emt 00:01:01]} h6 {[%clk 01:25:38]} {[%emt 00:00:52]} 9. Bh4
{[%clk 01:24:53]} {[%emt 00:02:56]} dxc4 {[%clk 01:23:17]} {[%emt 00:02:51]} 10.
Nxc4 {[%clk 01:24:34]} {[%emt 00:00:49]} Bb4+ {[%clk 01:16:05]} {[%emt
00:07:41]} 11. Ke2 {[%clk 01:22:39]} {[%emt 00:02:26]} Be7 {[%clk 01:06:20]}
{[%emt 00:10:15]} 12. Bb1 {[%clk 01:22:15]} {[%emt 00:00:54]} b6 {[%clk
00:54:13]} {[%emt 00:12:37]} 13. Qc2 {[%clk 01:16:36]} {[%emt 00:06:10]} g6
{[%clk 00:47:24]} {[%emt 00:07:19]} 14. Rhd1 {[%clk 01:15:58]} {[%emt
00:01:07]} Ba6 {[%clk 00:43:17]} {[%emt 00:04:38]} 15. Kf1 {[%clk 01:13:44]}
{[%emt 00:02:43]} Nh5 {[%clk 00:41:40]} {[%emt 00:02:07]} 16. Bxe7 {[%clk
01:11:49]} {[%emt 00:02:25]} Qxe7 {[%clk 00:42:02]} {[%emt 00:00:09]} 17. Kg1
{[%clk 01:12:13]} {[%emt 00:00:05]} Bxc4 {[%clk 00:32:41]} {[%emt 00:09:51]} 18.
Qxc4 {[%clk 01:12:33]} {[%emt 00:00:10]} c5 {[%clk 00:30:51]} {[%emt 00:02:21]}
19. dxc5 {[%clk 01:12:20]} {[%emt 00:00:43]} bxc5 {[%clk 00:30:56]} {[%emt
00:00:25]} 20. Be4 {[%clk 01:10:19]} {[%emt 00:02:30]} Rab8 {[%clk 00:25:52]}
{[%emt 00:05:35]} 21. Bc6 {[%clk 01:08:15]} {[%emt 00:02:34]} Nhf6 {[%clk
00:25:41]} {[%emt 00:00:41]} 22. b3 {[%clk 01:07:54]} {[%emt 00:00:51]} Rfc8
{[%clk 00:25:09]} {[%emt 00:01:02]} 23. Bxd7 {[%clk 01:07:42]} {[%emt
00:00:42]} Nxd7 {[%clk 00:22:52]} {[%emt 00:02:47]} 24. Qf4 {[%clk 01:07:14]}
{[%emt 00:00:58]} Kg7 {[%clk 00:20:50]} {[%emt 00:02:31]} 25. h3 {[%clk
01:06:57]} {[%emt 00:00:47]} Rb7 {[%clk 00:14:28]} {[%emt 00:06:53]} 26. Ne5
{[%clk 01:02:29]} {[%emt 00:04:57]} Nb6 {[%clk 00:10:06]} {[%emt 00:04:53]} 27.
Nc4 {[%clk 00:59:33]} {[%emt 00:03:27]} Nxc4 {[%clk 00:08:06]} {[%emt
00:02:29]} 28. Rxc4 {[%clk 00:57:50]} {[%emt 00:02:12]} Rb4 {[%clk 00:03:32]}
{[%emt 00:05:04]} 29. Qe5+ {[%clk 00:56:45]} {[%emt 00:01:36]} f6 {[%clk
00:03:06]} {[%emt 00:00:56]} 30. Qd6 {[%clk 00:56:18]} {[%emt 00:00:57]} Qxd6
{[%clk 00:01:34]} {[%emt 00:02:03]} 31. Rxd6 {[%clk 00:56:41]} {[%emt
00:00:06]} Rxc4 {[%clk 00:01:48]} {[%emt 00:00:16]} 32. bxc4 {[%clk 00:57:09]}
{[%emt 00:00:02]} Rb8 {[%clk 00:01:53]} {[%emt 00:00:25]} 33. Rxe6 {[%clk
00:56:53]} {[%emt 00:00:45]} Rb4 {[%clk 00:01:27]} {[%emt 00:00:57]} 34. Re7+
{[%clk 00:57:09]} {[%emt 00:00:14]} Kg8 {[%clk 00:01:32]} {[%emt 00:00:24]} 35.
Rxa7 {[%clk 00:57:32]} {[%emt 00:00:08]} Rxc4 {[%clk 00:01:59]} {[%emt
00:00:03]} 36. g4 {[%clk 00:57:46]} {[%emt 00:00:16]} Rc2 {[%clk 00:02:00]}
{[%emt 00:00:30]} 37. Kg2 {[%clk 00:57:52]} {[%emt 00:00:23]} c4 {[%clk
00:02:15]} {[%emt 00:00:16]} 38. Rc7 {[%clk 00:57:54]} {[%emt 00:00:28]} Rxa2
{[%clk 00:02:17]} {[%emt 00:00:28]} 39. Rxc4 {[%clk 00:58:17]} {[%emt
00:00:06]} g5 {[%clk 00:02:11]} {[%emt 00:00:36]} 40. Rc7 {[%clk 00:58:15]}
{[%emt 00:00:31]} Rb2 {[%clk 00:02:38]} {[%emt 00:00:04]} 41. Kg3 {[%clk
00:58:18]} {[%emt 00:00:26]} Ra2 {[%clk 00:03:01]} {[%emt 00:00:08]} 42. Re7
{[%clk 00:58:13]} {[%emt 00:00:35]} Rb2 {[%clk 00:02:25]} {[%emt 00:01:06]} 43.
f4 {[%clk 00:57:54]} {[%emt 00:00:48]} Rb1 {[%clk 00:01:35]} {[%emt 00:01:21]}
44. f5 {[%clk 00:57:36]} {[%emt 00:00:48]} Rg1+ {[%clk 00:01:43]} {[%emt
00:00:22]} 45. Kf3 {[%clk 00:51:17]} {[%emt 00:06:49]} Rh1 {[%clk 00:01:52]}
{[%emt 00:00:21]} 46. Ke4 {[%clk 00:51:04]} {[%emt 00:00:42]} Rxh3 {[%clk
00:02:14]} {[%emt 00:00:09]} 47. Kd5 {[%clk 00:51:23]} {[%emt 00:00:11]} Kf8
{[%clk 00:02:24]} {[%emt 00:00:20]} 48. Re4 {[%clk 00:50:46]} {[%emt 00:01:07]}
Kf7 {[%clk 00:02:48]} {[%emt 00:00:06]} 49. Kd6 {[%clk 00:50:52]} {[%emt
00:00:24]} Rg3 {[%clk 00:03:07]} {[%emt 00:00:10]} 50. Kd7 {[%clk 00:50:50]}
{[%emt 00:00:33]} Rf3 {[%clk 00:03:11]} {[%emt 00:00:26]} 51. Kd6 {[%clk
00:42:30]} {[%emt 00:08:50]} Rg3 {[%clk 00:02:51]} {[%emt 00:00:50]} 52. Kd7
{[%clk 00:38:53]} {[%emt 00:03:34]}  1/2-1/2

[Event "2nd Easter 4NCL Congress"]
[Site "Daventry"]
[Date "2022.04.16"]
[Round "3"]
[Board "2"]
[White "Gormally, Daniel W"]
[Black "Fallowfield, Jeremy R"]
[Result "1-0"]
[WhiteElo "2496"]
[BlackElo "2235"]
[PlyCount "0"]
[EventDate "2022.04.15"]
[EventRounds "7"]
[EventCountry "ENG"]

1. d4 {[%clk 01:30:58]} {[%emt 00:00:01]} Nf6 {[%clk 01:30:37]} {[%emt
00:00:23]} 2. c4 {[%clk 01:31:22]} {[%emt 00:00:05]} g6 {[%clk 01:30:42]}
{[%emt 00:00:26]} 3. Nc3 {[%clk 01:31:47]} {[%emt 00:00:05]} Bg7 {[%clk
01:31:06]} {[%emt 00:00:06]} 4. e4 {[%clk 01:31:56]} {[%emt 00:00:22]} d6
{[%clk 01:31:29]} {[%emt 00:00:07]} 5. f3 {[%clk 01:31:46]} {[%emt 00:00:38]}
O-O {[%clk 01:31:48]} {[%emt 00:00:12]} 6. Bg5 {[%clk 01:32:14]} {[%emt
00:00:02]} c5 {[%clk 01:26:24]} {[%emt 00:05:55]} 7. d5 {[%clk 01:31:48]}
{[%emt 00:00:56]} e6 {[%clk 01:26:04]} {[%emt 00:00:49]} 8. Qd2 {[%clk
01:31:40]} {[%emt 00:00:37]} exd5 {[%clk 01:25:58]} {[%emt 00:00:36]} 9. cxd5
{[%clk 01:32:05]} {[%emt 00:00:05]} Na6 {[%clk 01:19:25]} {[%emt 00:07:03]} 10.
Bxa6 {[%clk 01:28:01]} {[%emt 00:04:34]} bxa6 {[%clk 01:19:47]} {[%emt
00:00:08]} 11. Nge2 {[%clk 01:28:29]} {[%emt 00:00:02]} Rb8 {[%clk 01:16:55]}
{[%emt 00:03:22]} 12. O-O {[%clk 01:28:41]} {[%emt 00:00:18]} Re8 {[%clk
01:16:30]} {[%emt 00:00:55]} 13. Rab1 {[%clk 01:27:34]} {[%emt 00:01:37]} Bd7
{[%clk 01:07:37]} {[%emt 00:09:23]} 14. Ng3 {[%clk 01:22:58]} {[%emt 00:05:07]}
Qb6 {[%clk 00:56:29]} {[%emt 00:11:39]} 15. Qf4 {[%clk 01:21:51]} {[%emt
00:01:36]}  1-0